01013nam a2200253 a 4500001000200000003000900002005001700011008003400028020001800062040002500080082002400105100002500129245011700154260009000271300002400361490001400385500007400399600007300473650004200546650004500588700004300633700003900676710004400715 DO-SdBNP20240411115950.0140613s2018 mx a 000 0 spa d a9786074612578 aDO-SdBNPbspacBPMSU 4a922.2bX3R 20182221 aReynoso, Arturo. c 10aFrancisco Xavier Clavigero : bel aliento del espíritu / cArturo Reynoso ; prólogo Alfonso Alfaro Barreto a México :bArtes de México del Mundo ; bFondo de Cultura Económica, c2018.  a574 p. ;c24 cm.b 0 aDestiempo aIncluye referencias bibliográficas y notas al pie de las páginas 14aClavigero, Francisco Xavier, d1731-1787 vColecciones de escritos  4aJesuitas zMéxicovBiografías 2  4aEvangelizaciónzMéxicovSiglo XVIII.1 aOrellana, Margarita de, d1950- eed.1 aAlfaro Barreto, Alfonso epról. 2 aFondo de Cultura Económica (México)